00623nam a2200217 i 450000100060000000300080000600500170001400800410003103500350007203500180010703500240012504000430014904100080019208200210020010000230022124500460024426000460029030000290033650400200036565000200038521686BD-RjUL20211209000721.0140305s1924 nyua 001 0 eng d a(OCoLC)3654743a(BD-RjUL)21751 a(DLC)25003327 a(UkLCURL)9825003327 aDLCerdacOTdDLCdUkOxUdBD-RjULbeng aeng a745.51bJEW 19241 aJeffrey, Harry R.,10aWood-finishing /c Harry R. Jeffrey, M.A. aAmerica :bThe manual Arts press,cc1924. a177 :billus. ;c19 cm. aIncludes index. 0aWood finishing.